<?xml version="1.0" encoding="UTF-8"?>
<record
    xmlns:xsi="http://www.w3.org/2001/XMLSchema-instance"
    xsi:schemaLocation="http://www.loc.gov/MARC21/slim http://www.loc.gov/standards/marcxml/schema/MARC21slim.xsd"
    xmlns="http://www.loc.gov/MARC21/slim">

  <leader>00733nam a2200229 i 4500</leader>
  <controlfield tag="001">32477</controlfield>
  <controlfield tag="003">ES-MaACL</controlfield>
  <controlfield tag="005">20250728103609.0</controlfield>
  <controlfield tag="007">t|</controlfield>
  <controlfield tag="008">030131s1932    fr           ||||1| fre d</controlfield>
  <datafield tag="100" ind1="1" ind2=" ">
    <subfield code="a">Bergson, Henri.</subfield>
    <subfield code="9">28013</subfield>
  </datafield>
  <datafield tag="245" ind1="1" ind2="4">
    <subfield code="a">Les deux sources de la morale et de la religion / </subfield>
    <subfield code="c">par Henri Bergson.</subfield>
  </datafield>
  <datafield tag="250" ind1=" " ind2=" ">
    <subfield code="a">2eme ed.</subfield>
  </datafield>
  <datafield tag="260" ind1=" " ind2=" ">
    <subfield code="a">Par&#xED;s : </subfield>
    <subfield code="b">F&#xE9;lix Alcan, </subfield>
    <subfield code="c">1932 (</subfield>
    <subfield code="e">Chartres : </subfield>
    <subfield code="f">E. Durand)</subfield>
  </datafield>
  <datafield tag="300" ind1=" " ind2=" ">
    <subfield code="a">346 p. ; </subfield>
    <subfield code="c">23 cm.</subfield>
  </datafield>
  <datafield tag="490" ind1="1" ind2=" ">
    <subfield code="a">Biblioth&#xE8;que de philosophie contemporaine</subfield>
  </datafield>
  <datafield tag="650" ind1=" " ind2="7">
    <subfield code="a">&#xC9;tica</subfield>
    <subfield code="2">embne</subfield>
    <subfield code="9">12577</subfield>
  </datafield>
  <datafield tag="650" ind1=" " ind2="4">
    <subfield code="a">Religi&#xF3;n-</subfield>
    <subfield code="x">Filosof&#xED;a</subfield>
    <subfield code="9">16799</subfield>
  </datafield>
  <datafield tag="830" ind1="1" ind2=" ">
    <subfield code="a">Biblioth&#xE8;que de philosophie contemporaine</subfield>
    <subfield code="9">181027</subfield>
  </datafield>
  <datafield tag="852" ind1=" " ind2=" ">
    <subfield code="a">ES-MaACL</subfield>
    <subfield code="j">A-727</subfield>
  </datafield>
  <datafield tag="999" ind1=" " ind2=" ">
    <subfield code="c">32477</subfield>
    <subfield code="d">32477</subfield>
  </datafield>
  <datafield tag="952" ind1=" " ind2=" ">
    <subfield code="0">0</subfield>
    <subfield code="1">0</subfield>
    <subfield code="4">0</subfield>
    <subfield code="7">0</subfield>
    <subfield code="a">ATENEOM</subfield>
    <subfield code="b">ATENEOM</subfield>
    <subfield code="c">SPP1</subfield>
    <subfield code="d">2008-01-17</subfield>
    <subfield code="e">SC</subfield>
    <subfield code="l">0</subfield>
    <subfield code="o">A-727</subfield>
    <subfield code="p">1033648</subfield>
    <subfield code="r">2023-02-23 00:00:00</subfield>
    <subfield code="w">2023-02-23</subfield>
    <subfield code="y">MONOGRAFIA</subfield>
  </datafield>
</record>
